00447 2200169 4500245005100000020002100051250001100072100001700083650002000100005001900120260003500139041001400174084000800188300002300196500004900219336000900268 aRahasia Sang Maestro CilikcHendra SuryahText a978-979-2-5768-2 aCet. 1 aHendra Surya aNovel Indonesia a20231005085316 aJakartabElex Media Komputindo aIndonesia a813 a138 hlm. :c20 cm. aHendi adalah seorang anak yatim yang miskin. atext